[Event "SCO-ch 124th"]
[Site "Dundee"]
[Date "2017.07.16"]
[Round "2"]
[White "Robertson, Jim"]
[Black "Schmitz, Manuela"]
[Result "0-1"]
[WhiteElo "1633"]
[BlackElo "1874"]
[PlyCount "20"]
[EventDate "2017.07.15"]
[EventType "swiss"]
[EventRounds "9"]
[EventCountry "SCO"]
[SourceTitle "CBM 179 Extra"]
[Source "ChessBase"]
[SourceDate "2017.08.23"]
[SourceVersion "1"]
[SourceVersionDate "2017.08.23"]
[SourceQuality "1"]

1. d4 d5 2. e3 e6 3. Bd3 c5 4. c3 Nc6 5. f4 g5 6. e4 cxd4 7. fxg5 dxc3 8. exd5 Qxd5 9. Qf3 Qe5+ 10. Qe4 cxb2 0-1

[Event "SCO-ch 124th"]
[Site "Dundee"]
[Date "2017.07.15"]
[Round "1"]
[White "Schmitz, Manuela"]
[Black "Hebden, Mark"]
[Result "0-1"]
[WhiteElo "1874"]
[BlackElo "2477"]
[PlyCount "54"]
[EventDate "2017.07.15"]
[EventType "swiss"]
[EventRounds "9"]
[EventCountry "SCO"]
[SourceTitle "CBM 179 Extra"]
[Source "ChessBase"]
[SourceDate "2017.08.23"]
[SourceVersion "1"]
[SourceVersionDate "2017.08.23"]
[SourceQuality "1"]

1. d4 Nf6 2. Nf3 g6 3. c4 Bg7 4. Nc3 0-0 5. e4 d6 6. Be2 e5 7. Be3 Ng4 8. Bg5 f6 9. Bh4 Nc6 10. d5 Ne7 11. Nd2 Nh6 12. f3 c5 13. a3 Nf7 14. b4 b6 15. Qb3 f5 16. a4 Bh6 17. Nf1 cxb4 18. Qxb4 fxe4 19. fxe4 Nxd5 20. cxd5 Qxh4+ 21. g3 Qh3 22. Rg1 Bg4 23. Ra2 Rac8 24. Bxg4 Qxg4 25. Rgg2 Rxc3 26. Qxc3 Qxe4+ 27. Rae2 Qb1+ 0-1